000 01196cam a22002054a 4500
005 20250605163933.0
008 250528s ||||||||||||||||||||||||d
035 _a14760
020 _a415074290
040 _aGR-AtMCL
_bgre
_dGR-AtMCL
_eAACR2
245 1 _aOne - Dimensional Man / Studies in the Ideology of Advanced Industrial Society
250 _a2nd
260 _bRouledge,
_c1991
300 _a268
520 _aMarcuse's best-selling work to another generation of readers in the context of contemporary events. Acknowledgements, Introduction, One Dimensional Society, The New Forms of Control, The Closing of the Political Universe, The Conquest of the Unhappy Consciousness: Repressive Desublimation, The Closing of the Universe of Discourse, One-Dimensional Thought, Negative Thinking: The Defeated Logic of Protest, From Negative to Positive Thinking: Technological Rationality and the Logic of Domination, The Triumph of Positive Thinking: One-Dimensional Philosophy, The Chance of the Alternatives, The Historical Commitment of Philosophy, The Catastrophe of Liberation, Conclusion, Index.
700 1 _aMarcuse Herbert
_9513
942 _cBK
999 _c380
_d380